000 05331nas1a22008891i 4500
001 RU\NLR\INFOCOMM4\1000554090
005 20240726035651.0
035 _a(NLR Aleph) 002505567
090 _a2632407
_c2632407
100 _a20040421b18711918|||y0rusy50 ca
101 0 _arus
102 _aRU
110 _aayu||||0|y0
200 1 _aЛесной журнал
_eИзд. Лесного о-ва
210 _aСПб.
_d1871-1918
320 _aОбщее оглавление 1 тома "Лесного журнала", издаваемого Лесным обществом ( 1871 г. Вып.1, 2, 3, 1872 г. Вып.1, 2, 3, 4, 5, 6, ) (В журн. ...1872 Вып.6 VIс. 2-ой паг.)
320 _aМельников, А. Указатель Лесного журнала, издаваемого С.-Петербургским лесным обществом за пять лет, 1891-1895 г. Спб., 1896 Приплетено к ... 1896 Вып.1
320 _aДаниель-Беков, Г. Г. Систематический указатель Лесного журнала, издаваемого С.-Петербургским лесным обществом за пять лет. 1896-1900 г.г. Спб., 1900 Приплетено к ... 1901 вып.1, 6
320 _aПечникова, С. С. и Стельмахович, М. Л. Систематический указатель Лесного журнала, издаваемого Петербургским лесным обществом за 13 лет 1906-1918 г. Казань, 1926. (В журн.: Известия Казанск. ин-та сельского хозяйства и лесоводства 1926, Вып.5) (Шифр: П14/186)
712 0 2 _aПетербургское лесное общество
_4570
801 1 _aRU
_bInfoComm
_c20040421
801 0 _aRU
_bNLR
_gPSBO
852 _aNLR
_j1/247
942 _cJOURNAL
980 _aRUSPER